000 00920nam a22003017a 4500
001 5083
003 FISKH
005 20250815161221.0
008 241105b cb ||||| |||| 00| 0 eng d
020 _a9780590107273
040 _aFISKH
_beng
_cFISKH
_dFISKH
050 _aGB662.C36
082 _a553.7
100 _aCanizares, Susan
_d(1960-)
245 _aWater /
_cSusan Canizares Pamela Chanko
250 _a1998
260 _aNew York :
_bScholastic,
_c1998.
300 _a14 pages :
_bColor illustrations ;
_c18 cm
505 _aA
520 _aPhotographs and simple text describe some of the many liquid and frozen solid forms of water, such as rain, tap water, frost, rivers, and icebergs.
521 8 _a30L
_bLexile
521 8 _aA
_bRaz-Plus
650 _2Non-fiction
_aWater
650 _2Science
_aWeather
700 _aChanko, Pamela
_dIllustrator
942 _2ddc
_cBK
_n0
999 _c5083
_d5083